000 00688nam a2200205 u 4500
005 20210223133804.0
008 190408s2006 ea r 000 0 spa d
020 _a140427443X
035 _aUPN01000230184
049 _aI
050 4 _aQK475.8
_bW7.2
100 1 _aWrazen, Shanna
_942818
245 1 0 _aConoce las hojas de los árboles /
_cShanna Wrazen ; tr. José María Obregón.
260 _aNueva York :
_bRosen Classroom Books & Materials,
_cc2006.
300 _a8 p. :
_bprincipalmente. il. col.
440 0 _aRosen classroom books & materials.
_pRosen real readers en español
650 4 _aARBOLES -
_vLITERATURA INFANTIL
_911051
905 _aInfantil
999 _c202279
_d202279